Statistiken für Größte Bewertungsunterschiede innerhalb von Filmreihen

Klicken Sie hier um das Quiz zu spielen!

Allgemein

  • Dieses Quiz wurde 33 mal gespielt
    (6 seit der letzten Aktualisierung)
  • Das Durchschnittsergebnis liegt bei 2 aus 16

Antwortstatistiken

Nr.TeileBesterBewertungSchlechtesterBewertungFilmreiheUnterschied% Korrekt
9828,464,6Alien3,8
50%
10417,543,8Batman3,7
50%
1317,783,9Halloween3,8
33%
517,443,7Superman3,7
33%
1418,143,0Der weiße Hai5,1
17%
217,623,7American Psycho3,9
0%
5618,123,8Der Exorzist4,3
0%
2216,922,3Die Maske4,6
0%
6317,333,2Die unendliche Geschichte4,1
0%
317,323,4Dumm und Dümmer3,9
0%
433338,3113,9Godzilla4,4
0%
7517,053,0Highlander4,0
0%
426,252,4I Spit on Your Grave3,8
0%
8518,554,6Psycho3,9
0%
3417,543,0The Crow4,5
0%
217,523,8The Wicker Man3,7
0%

Verteilung der Resultate

Perzentil nach korrekt beantworteten Fragen

Anzahl Personen mit jedem Resultat

Ihre Resultats-Entwicklung

Sie haben dieses Quiz seit der letzten Aktualisierung nicht gespielt